| 000 | 00529nam a2200169 i 4500 | ||
|---|---|---|---|
| 001 | 60016 | ||
| 003 | ES-MaACL | ||
| 005 | 20230906164136.0 | ||
| 007 | t| | ||
| 008 | 031103s1957 sp ||||1| spa d | ||
| 100 | 1 |
_aGarcía Muñoz, Antonio. _955013 |
|
| 245 | 1 | 0 |
_a25 fábulas de Esopo / _cAntonio García Muñoz. |
| 260 |
_aMadrid : _bCultura Clásica y Moderna, _c1957 ( _fSamarán) |
||
| 300 |
_a87 p., 1 lám. : _bretr. aut., il. ; _c24 cm. |
||
| 852 |
_aES-MaACL _jC-14152 _bR.41519 |
||
| 852 |
_aES-MaACL _jC-14973 _bR.42649 |
||
| 999 |
_c60016 _d60016 |
||